1939 1018 1062 1239 1200 1362 1788 1222 1513 1057 1195 1044 1335 1432 1450 1406 1933 1354 1198 1600 1917 1406 1068 1831 1164 1069 1717 1807 1930 1949 1067 1770 1781 1995 1718 1378 1557 1338 1413 1206 1057 1938 1389 1826 1985 1699 1130 1051 1592 1891 1641 1944 1052 1824 1450 1043 1305 1282 1726 1013 1883 1762 1180 1924 1861 1081 1081 1700 1306 1600 1553 1264 1625 1553 1655 1061 1278 1550 1637 1230 1287 2000 1337 1504 1222 1399 1748 1634 1210 1724 1754 1403 1609 1490 1428 1744 1032 1084 1442 BCNSPRNW ULIB Ver.6.0+V

เปลี่ยนเป็นภาษาไทย

Change to English
 แสดงรายละเอียดบรรณานุกรม
  กลับหน้าหลัก

Brief Record : Get Marc (ISO 2709) : E-mail record : QR code < ปิดหน้าต่าง
LEADER : 00000nam 2200000uu 4500
001    13399128697
003     ULIB
008    240705s2566||||th 000 0 tha d
020    ^a9786164343245
041 1  ^atha^heng
060 04 ^aQS17^bอ939ผ
100 1  ^aแอชเวลล์, เคน
245 10 ^aแผนที่ร่างกายมนุษย์/^cเคน แอชเวลล์,เขียน ; น้ำทิพย์ พันธุ์อนุกูล, แปล
246 31 ^aThe human body atlas
260    ^aกรุงเทพฯ :^bแอร์โรว์,^c2566
300    ^a224 หน้า :^bภาพประกอบ ;^c30 ซม.
650  4 ^aร่างกาย
650  4 ^aกายวิภาคศาสตร์มนุษย์
650  4 ^aกายวิภาคศาสตร์
650  4 ^aสรีรวิทยา
856    ^a^zสารบัญู^uhttps://drive.google.com/file/d/11Q8T84q7cnbMXScLru9nQpdgsIzaOdbU/view?usp=sharing
945    ^p750^l0^i30088
945    ^p750^l0^i30089
945    ^p750^l0^i30090
945    ^p750^l0^i30091
945    ^p750^l0^i30092
945    ^p750^l0^i30093
945    ^p750^l0^i30094
945    ^p750^l0^i30095
945    ^p750^l0^i30096
945    ^p750^l0^i30097
999    ^aกัณชพร
รายการนี้ยังไม่มีแท็ก
คุณยังไม่ได้ล็อกอิน คุณสามารถมีกิจกรรมร่วมกับเว็บไซต์ได้ แต่ต้องล็อกอินก่อน ::
  ล็อกอิน

รายการสื่อสารสนเทศ

ลำดับที่ ประเภท เลขเรียก/บาร์โค้ด สถานที่ สถานะ
1. หนังสือสำรอง
หนังสือสำรอง
QS17 อ939ผ ฉ.1 
  Barcode: 30088
ห้องสมุดวิทยาเขตนครสวรรค์
►หนังสือทั่วไป:l:General Books
บนชั้น
2. วิทยาศาสตร์การแพทย์ และสุขภาพ
วิทยาศาสตร์การแพทย์ และสุขภาพ
QS17 อ939ผ ฉ.10 
  Barcode: 30097
ห้องสมุดวิทยาเขตนครสวรรค์
►หนังสือทั่วไป:l:General Books
บนชั้น
3. วิทยาศาสตร์การแพทย์ และสุขภาพ
วิทยาศาสตร์การแพทย์ และสุขภาพ
QS17 อ939ผ ฉ.2 
  Barcode: 30089
ห้องสมุดวิทยาเขตนครสวรรค์
►หนังสือทั่วไป:l:General Books
บนชั้น
4. วิทยาศาสตร์การแพทย์ และสุขภาพ
วิทยาศาสตร์การแพทย์ และสุขภาพ
QS17 อ939ผ ฉ.3 
  Barcode: 30090
ห้องสมุดวิทยาเขตนครสวรรค์
►หนังสือทั่วไป:l:General Books
บนชั้น
5. วิทยาศาสตร์การแพทย์ และสุขภาพ
วิทยาศาสตร์การแพทย์ และสุขภาพ
QS17 อ939ผ ฉ.4 
  Barcode: 30091
ห้องสมุดวิทยาเขตนครสวรรค์
►หนังสือทั่วไป:l:General Books
บนชั้น
6. วิทยาศาสตร์การแพทย์ และสุขภาพ
วิทยาศาสตร์การแพทย์ และสุขภาพ
QS17 อ939ผ ฉ.5 
  Barcode: 30092
ห้องสมุดวิทยาเขตนครสวรรค์
►หนังสือทั่วไป:l:General Books
บนชั้น
7. วิทยาศาสตร์การแพทย์ และสุขภาพ
วิทยาศาสตร์การแพทย์ และสุขภาพ
QS17 อ939ผ ฉ.6 
  Barcode: 30093
ห้องสมุดวิทยาเขตนครสวรรค์
►หนังสือทั่วไป:l:General Books
บนชั้น
8. วิทยาศาสตร์การแพทย์ และสุขภาพ
วิทยาศาสตร์การแพทย์ และสุขภาพ
QS17 อ939ผ ฉ.7 
  Barcode: 30094
ห้องสมุดวิทยาเขตนครสวรรค์
►หนังสือทั่วไป:l:General Books
บนชั้น
9. วิทยาศาสตร์การแพทย์ และสุขภาพ
วิทยาศาสตร์การแพทย์ และสุขภาพ
QS17 อ939ผ ฉ.8 
  Barcode: 30095
ห้องสมุดวิทยาเขตนครสวรรค์
►หนังสือทั่วไป:l:General Books
บนชั้น
10. วิทยาศาสตร์การแพทย์ และสุขภาพ
วิทยาศาสตร์การแพทย์ และสุขภาพ
QS17 อ939ผ ฉ.9 
  Barcode: 30096
ห้องสมุดวิทยาเขตนครสวรรค์
►หนังสือทั่วไป:l:General Books
บนชั้น

รายการใกล้เคียง
    ผู้แต่ง [แอชเวลล์, เคน]

    หัวเรื่อง [ร่างกาย]
    หัวเรื่อง [กายวิภาคศาสตร์มนุษย์]
    หัวเรื่อง [กายวิภาคศาสตร์]
    หัวเรื่อง [สรีรวิทยา]

BibComment


ยังไม่เคยถูกคอมเมนท์

คอมเมนท์ทรัพยากรรายการนี้
  คอมเมนท์: แผนที่ร่างกายมนุ..


 Copyright 2026. Bcnsprnw @Library